00436nam a2200157Ia 450000500170000000800410001704000190005804100120007708200190008910000180010824500550012626000250018130000120020650400500021885000100026820230506095504.0131103s9999 xx 000 0 und d aLoreto College aEnglish a823.8bDIC-MAR aMarcus,Steven aDickens b from Pickwick to Dombey cSteven Marcus aLondonbChattoc1965 a389 p.  aIncludes bibliographical references and index aLCLIB